|
|
|
|
| LEADER |
00000cam a2200000 7i4500 |
| 001 |
0000002035 |
| 005 |
20020923.0 |
| 020 |
0 |
0 |
|a 9839414348 (v. 1) 9839414356 (v. 2) 9839414364 (v. 3) 9839414372 (v. 4)
|
| 090 |
0 |
0 |
|a R691.1
|b WOR 2002
|
| 110 |
1 |
0 |
|a WORLD Conference of Timber Engineering
|i 7th
|k 2002
|j Shah Alam, Malaysia
|
| 245 |
1 |
0 |
|a Timber construction in the new millennium :
|b the proceedings of 7th World Conference on Timber Engineering, WCTE 2002, August 12-15, 2002, Shah Alam, Malaysia
|c edited by Wan Mahmood Wan Ab. Majid ... (et al.)
|
| 260 |
0 |
0 |
|a (Kuala Lumpur :
|b s.l. ,
|c 2002)
|
| 300 |
|
|
|a v.p. :
|b ill. ;
|c 27 cm.
|
| 500 |
0 |
0 |
|a Includes bibliographical references
|
| 650 |
0 |
0 |
|a Timber
|x Congresses
|
| 650 |
0 |
0 |
|a Timber
|x Design and construction
|x Congresses
|
| 700 |
0 |
1 |
|a Wan Mahmood Wan Ab. Majid
|
| 998 |
|
|
|a JPSM
|
| 999 |
|
|
|a 0000003401
|b Monograph
|c Reference
|e Default branch
|
| 999 |
|
|
|a 0000003402
|b Monograph
|c Reference
|e Default branch
|
| 999 |
|
|
|a 0000003403
|b Monograph
|c Reference
|e Default branch
|
| 999 |
|
|
|a 0000003464
|b Monograph
|c Reference
|e Default branch
|
| 999 |
|
|
|a 0000003637
|b Monograph
|c Open Shelf
|e Default branch
|
| 999 |
|
|
|a 0000003638
|b Monograph
|c Open Shelf
|e Default branch
|
| 999 |
|
|
|a 0000003639
|b Monograph
|c Open Shelf
|e Default branch
|
| 999 |
|
|
|a 0000003640
|b Monograph
|c Open Shelf
|e Default branch
|